书目信息 |
| 题名: |
感测技术基础
|
|
| 作者: | 孙传友 , 孙晓斌 编著 | |
| 分册: | ||
| 出版信息: | 北京 电子工业出版社 2006.01 |
|
| 页数: | 288页 | |
| 开本: | 26cm | |
| 丛书名: | ||
| 单 册: | ||
| 中图分类: | TP212 | |
| 科图分类: | ||
| 主题词: | 传感器--chuan gan qi--高等学校--教材 | |
| 电子资源: | ||
| ISBN: | 7-121-02225-7 | |
| 000 | 00881nam0 2200265 450 | |
| 001 | 012006012457 | |
| 005 | 20060920105605.89 | |
| 010 | @a7-121-02225-7@dCNY28.00 | |
| 100 | @a20060625d2006 km y0chiy0120 ea | |
| 101 | 0 | @achi |
| 102 | @aCN@b110000 | |
| 105 | @aa a 000yy | |
| 200 | 1 | @a感测技术基础@Agan ce ji shu ji chu@f孙传友, 孙晓斌编著@Fsun chuan you,sun xiao bin bian zhu |
| 205 | @a第2版 | |
| 210 | @a北京@c电子工业出版社@d2006.01 | |
| 215 | @a288页@c图@d26cm | |
| 300 | @a21世纪高等学校电子信息类教材 | |
| 320 | @a有书目 (第288页) | |
| 330 | @a本书共分3大部分12章:常见电量测量、传感器原理、常见非电量电测法。每一章都附有思考题与习题。 | |
| 606 | 0 | @a传感器@Achuan gan qi@x高等学校@j教材 |
| 690 | @aTP212@v4 | |
| 701 | 0 | @a孙传友@Asun chuan you@4编著 |
| 701 | 0 | @a孙晓斌@Asun xiao bin@4编著 |
| 801 | 0 | @aCN@bQSSK@c20060920 |
| 905 | @a10447@dTP212@eS908 | |
| 感测技术基础/孙传友, 孙晓斌编著.-第2版.-北京:电子工业出版社,2006.01 |
| 288页:图;26cm |
| 21世纪高等学校电子信息类教材 |
| ISBN 7-121-02225-7:CNY28.00 |
| 本书共分3大部分12章:常见电量测量、传感器原理、常见非电量电测法。每一章都附有思考题与习题。 |
| ● |
| 相关链接 |
|
|
|
正题名:感测技术基础
索取号:TP212/S908
 
预约/预借
| 序号 | 登录号 | 条形码 | 馆藏地/架位号 | 状态 | 备注 |
| 1 | 591663 | 205916632 | 自科二线504/504自科库 7排1列5层/ [索取号:TP212/S908] | 在馆 | |
| 2 | 591664 | 205916641 | 自科库301/301自科库 70排2列3层/ [索取号:TP212/S908] | 在馆 | |
| 3 | 591665 | 205916650 | 自科库301/301自科库 70排2列3层/ [索取号:TP212/S908] | 在馆 |